HPC, Big data and AI Convergence towards exascale (Record no. 40853)

MARC details
000 -LEADER
fixed length control field 00462nam a2200181Ia 4500
020 ## - INTERNATIONAL STANDARD BOOK NUMBER
ISBN 9781032009841
050 ## - CALL MARK
Classification number QA 76.88 .H63/
100 ## - STATEMENT OF RESPONSIBILITY--MAIN AUTHOR NAME
Personal name Edited by Terzo, Olivier
245 #0 - TITLE STATEMENT
Title HPC, Big data and AI Convergence towards exascale
260 ## - PUBLICATION, DISTRIBUTION, ETC. (IMPRINT)
Place of publication Boca Raton
260 ## - PUBLICATION, DISTRIBUTION, ETC. (IMPRINT)
Name of publisher CRC Press
260 ## - PUBLICATION, DISTRIBUTION, ETC. (IMPRINT)
Year of publication 2022
300 ## - PHYSICAL DESCRIPTION
Number of Pages xxvii, 293p.: ill.
650 ## - SUBJECT ADDED ENTRY--TOPICAL TERM
Topical Term Boca Raton
942 ## - ADDED ENTRY ELEMENTS (KOHA)
Koha item type Books
Holdings
Withdrawn status Lost status Damaged status Not for loan Permanent Location Current Location Shelving location Date acquired Accession Number Price effective from Koha item type
        NILE UNIVERSITY OF NIGERIA - MAIN LIBRARY NILE UNIVERSITY OF NIGERIA - MAIN LIBRARY Items on shelf 06/03/2025 0198590 06/03/2025 Books
        NILE UNIVERSITY OF NIGERIA - MAIN LIBRARY NILE UNIVERSITY OF NIGERIA - MAIN LIBRARY Items on shelf 06/03/2025 0198591 06/03/2025 Books